000 00439nam a2200169 a 4500
001 1833
005 20140414131849.0
008 010416s19uu xx 00 eng d
020 _a0-86318-630-0
050 _aM 372.4
_bW65 1992
100 _aWilkes, Angela
245 _aMy first word books /
_cAngela Wilkes.
260 _aLondon :
_bDorling Kindersley,
_c1992.
300 _a64 p. : ill. ; cm.
650 _aTitle.
999 _c110085
_d110085